Phasmophobia - Alle spielbaren Orte - Statistiken

Allgemein
  • Dieses Quiz wurde 35 mal gespielt
  • Das Durchschnittsergebnis liegt bei 6 aus 14
Antwortstatistiken
Größe des Orts Ort % Korrekt
Klein 6 Tanglewood Drive
72%
Klein Camp Woodwind
68%
Mittel Prison
68%
Klein 13 Willow Street
64%
Klein Point Hope
56%
Klein 42 Edgefield Road
44%
Removed Asylum
44%
Groß Brownstone High School
36%
Mittel Maple Lodge Campsite
32%
Klein Bleasdale Farmhouse
28%
Klein Grafton Farmhouse
28%
Klein 10 Ridgeview Court
24%
Groß Sunny Meadows Mental Institution
12%
Mittel Sunny Meadows Mental Institution (Restricted)
12%
Keine übereinstimmenden Quizze gefunden
Verteilung der Resultate
Anzahl Personen mit jedem Resultat
Perzentil nach korrekt beantworteten Fragen
Ihre Resultats-Entwicklung
Sie haben dieses Quiz noch nicht gespielt